000 00884nam a2200253Ia 4500
003 OSt
005 20221005112315.0
006 a|||||r|||| 00| 0
007 ta
008 221004b |||||||| |||| 00| 0 pan d
020 _a9788178564296 (hbk)
_c200
024 _a26578
037 _b979, 16/12/2015, H.K. Prakashan
_cTextual
040 _aCRL
_cCRL
_bpan
041 _2pan
_apan
082 _aO153,3:g, Q5
100 _aਬਲਜੀਤ ਕੌਰ, ਥਦ.
245 0 _aਪੰਜਾਬੀ ਕਹਾਣੀ
_b ਸਿਧਾਂਤ ਤੇ ਵਿਕਾਸ
260 _aਅੰਮ੍ਰਿਤਸਰ
_bਵਾਰਿਸ Fਾਹ ਭਾਰਤ
_c2015
300 _a112ਪੰ
_ccm.
650 _aਪੰਜਾਬੀ ਸਾਹਿਤ
942 _hO153,3:g, Q5
_cTEXL
_2cc
999 _c1024498
_d1024498